| 000 | 00541nam a22001817a 4500 | ||
|---|---|---|---|
| 999 |
_c190970 _d190970 |
||
| 005 | 20220816153520.0 | ||
| 010 | _aENG-134419 | ||
| 020 |
_a9789391091064 _c170.00 |
||
| 035 | _aEN-117951 | ||
| 037 | _bDBAD/PUB | ||
| 082 | _a881 | ||
| 100 | _aAnand,Jernail Singh | ||
| 245 |
_aThe Tragic Flaw/ _cJernail Singh Anand and Daniela Marian |
||
| 260 |
_c2021 _aHaryana _bThe Poetry Society of India |
||
| 270 |
_aH-23/16, DLF Phase-1, Gurugram _bHaryana _e122002 |
||
| 300 |
_a71p. _c20cm(pb) |
||
| 942 |
_2ddc _cEN _h881 _mANA |
||